The Black journey : (Record no. 13331)
[ view plain ]
| 000 -LEADER | |
|---|---|
| fixed length control field | 00699nam a22002052 4500 |
| 001 - CONTROL NUMBER | |
| control field | 0000011688 |
| 005 - DATE AND TIME OF LATEST TRANSACTION | |
| control field | 20151217155845.0 |
| 008 - FIXED-LENGTH DATA ELEMENTS--GENERAL INFORMATION | |
| fixed length control field | 081222s xx 000 0 eng d |
| 040 ## - CATALOGING SOURCE | |
| Original cataloging agency | KABU |
| Transcribing agency | KABU |
| 100 1# - MAIN ENTRY--PERSONAL NAME | |
| Personal name | Haardt, Georges-Marie. |
| -- | 0000167659 |
| 245 14 - TITLE STATEMENT | |
| Title | The Black journey : |
| Remainder of title | across Central Africa with the Citroen expedition / |
| Statement of responsibility, etc. | Georges-Marie Haardt and Louis Audouin-Dubreuil. |
| 250 ## - EDITION STATEMENT | |
| Edition statement | 1st ed. |
| 260 ## - PUBLICATION, DISTRIBUTION, ETC. (IMPRINT) | |
| Place of publication, distribution, etc. | London : |
| Name of publisher, distributor, etc. | G Bles, |
| Date of publication, distribution, etc. | 1928. |
| 300 ## - PHYSICAL DESCRIPTION | |
| Extent | 316 p. |
| 651 #0 - SUBJECT ADDED ENTRY--GEOGRAPHIC NAME | |
| Geographic name | Africa, Central |
| General subdivision | Description and travel. |
| -- | 0000148674 |
| 700 1# - ADDED ENTRY--PERSONAL NAME | |
| Personal name | Audouin-Dubreuil, Louis. |
| -- | 0000167660 |
| 852 1# - LOCATION | |
| -- | p500 KES |
| 908 ## - PUT COMMAND PARAMETER (RLIN) | |
| Put command parameter | 081222 |
| 950 ## - LOCAL HOLDINGS (RLIN) | |
| -- | 1 |
| Withdrawn status | Lost status | Source of classification or shelving scheme | Not for loan | Home library | Current library | Date acquired | Total Checkouts | Full call number | Barcode | Date last seen | Price effective from | Koha item type |
|---|---|---|---|---|---|---|---|---|---|---|---|---|
| Library of Congress Classification | Kabarak, Main Campus | Kabarak, Main Campus | 17/12/2015 | DT351 .H33 c. 1 | 15838 | 17/12/2015 | 17/12/2015 | Africana Collection |